[Event "Asian-ch Seniors 65 zt 3.1"]
[Site "Chess.com INT"]
[Date "2020.07.13"]
[Round "1.3"]
[White "Ardeshirpour, Hossein"]
[Black "Hafez, Bakr"]
[Result "1-0"]
[WhiteElo "1794"]
[BlackElo "2020"]
[PlyCount "105"]
[EventDate "2020.07.13"]
[EventType "swiss"]
[EventRounds "7"]
[EventCountry "JOR"]
[SourceTitle "EXT 2024"]
[Source "ChessBase"]
[SourceDate "2023.10.10"]
[SourceVersion "1"]
[SourceVersionDate "2023.10.10"]
[SourceQuality "1"]

1. e4 c5 2. Nf3 d6 3. d4 cxd4 4. Qxd4 Bd7 5. Bg5 Nc6 6. Qd2 h6 7. Be3 Nf6 8. Nc3 e6 9. h3 a6 10. g4 Nh7 11. Bg2 Be7 12. 0-0 0-0 13. a3 Rc8 14. Ne2 Na5 15. b3 Bf6 16. Nfd4 Qc7 17. Rfc1 Nc6 18. c3 Be7 19. c4 Nxd4 20. Bxd4 Rfd8 21. Qe3 Re8 22. f4 e5 23. Bb6 Qb8 24. Qf2 exf4 25. Nxf4 Bc6 26. Rf1 Bf6 27. Rae1 Bd7 28. Nd5 Be6 29. Ba7 Qa8 30. Bd4 Bxd5 31. exd5 Rxe1 32. Rxe1 Re8 33. Bxf6 Nxf6 34. a4 Qd8 35. Kf1 Nd7 36. b4 Ne5 37. c5 Re7 38. Qf5 g6 39. Qf6 Rd7 40. Qxd8+ Rxd8 41. cxd6 Nc4 42. Re7 Nxd6 43. Ke2 Kf8 44. Rc7 Rb8 45. Kd3 Ke8 46. Kd4 Kd8 47. Rc2 Kd7 48. Ke5 Ke7 49. Rc7+ Kf8 50. Kxd6 Re8 51. Rc2 Re3 52. Kc7 Rb3 53. d6 1-0

[Event "Baghdad op 6th"]
[Site "Baghdad"]
[Date "2018.03.18"]
[Round "8"]
[White "Lim, Zhuo Ren"]
[Black "Hafez, Bakr"]
[Result "1-0"]
[WhiteElo "2186"]
[BlackElo "1887"]
[PlyCount "53"]
[EventDate "2018.03.14"]
[EventType "swiss"]
[EventRounds "9"]
[EventCountry "IRQ"]
[SourceTitle "CBM 183 Extra"]
[Source "ChessBase"]
[SourceDate "2018.04.19"]
[SourceVersion "1"]
[SourceVersionDate "2018.04.19"]
[SourceQuality "1"]

1. d4 Nf6 2. c4 d5 3. cxd5 Nxd5 4. e4 Nf6 5. Nc3 e6 6. Nf3 Bb4 7. Bd3 Nbd7 8. a3 Bxc3+ 9. bxc3 c5 10. 0-0 Qc7 11. d5 e5 12. a4 0-0 13. c4 Re8 14. Nh4 Nf8 15. f4 Qe7 16. Nf3 exf4 17. e5 Nh5 18. Bb2 Bd7 19. Nd2 g6 20. Be2 Ng7 21. Ne4 Rec8 22. Rxf4 Ne8 23. e6 fxe6 24. d6 Qd8 25. Qf1 Ng7 26. Rf7 Nf5 27. Qxf5 1-0

[Event "Wch Seniors 50 24th"]
[Site "Katerini"]
[Date "2014.10.25"]
[Round "2"]
[White "Hafez, Bakr"]
[Black "Caribe Santos, Luiz Carlos"]
[Result "1-0"]
[WhiteElo "2013"]
[BlackElo "1590"]
[PlyCount "114"]
[EventDate "2014.10.24"]
[EventType "swiss"]
[EventRounds "11"]
[EventCountry "GRE"]
[SourceTitle "EXT 2015"]
[Source "ChessBase"]
[SourceDate "2014.11.20"]
[SourceVersion "1"]
[SourceVersionDate "2014.11.20"]
[SourceQuality "1"]

1. e4 c5 2. c3 Nc6 3. Nf3 d6 4. d4 cxd4 5. cxd4 Bd7 6. Nc3 g6 7. Be3 Bg7 8. Qd2 a6 9. Be2 e6 10. Rd1 Nge7 11. 0-0 d5 12. Bd3 b5 13. a3 0-0 14. Bh6 Rc8 15. Rfe1 Na5 16. Bxg7 Kxg7 17. exd5 Nxd5 18. Nxd5 exd5 19. h3 Nc4 20. Bxc4 bxc4 21. Re5 Bf5 22. Rde1 Rc6 23. Qf4 Re6 24. Nh4 Be4 25. f3 Bd3 26. g3 Rfe8 27. Qe3 Qf6 28. Ng2 Rxe5 29. dxe5 Qf5 30. g4 Qc8 31. Nf4 Qc6 32. Qd4 Kf8 33. e6 Kg8 34. exf7+ Kxf7 35. Rxe8 Kxe8 36. Qe5+ Kd7 37. Nxd5 Qc5+ 38. Kg2 Kc6 39. Nb4+ Kb5 40. Qe8+ Kb6 41. Qd8+ Kb7 42. Nxd3 cxd3 43. Qxd3 Kb6 44. f4 Qc1 45. Qf1 Qxb2+ 46. Qf2+ Qxf2+ 47. Kxf2 Kc5 48. Ke3 Kd5 49. Kd3 h6 50. h4 a5 51. a4 Kc5 52. Ke4 Kd6 53. f5 g5 54. hxg5 hxg5 55. Kd4 Kd7 56. Ke5 Ke7 57. f6+ Kf7 1-0